Anagrammes aléatoires - Pseudos de Joueurs Counter-Strike - Statistiques

Statistiques générales
  • Ce quiz a été pris 13 fois
  • Le résultat moyen est 6 sur 10
Statistiques - réponses
Joueur % Correct
b1t
100%
boltz
100%
dexter
100%
dupreeh
100%
EliGE
100%
es3tag
100%
f0rest
100%
fame
100%
fox
100%
friberg
100%
frozen
100%
gla1ve
100%
gob b
100%
Grim
100%
Jame
100%
JDC
100%
jdm64
100%
jL
100%
k0nfig
100%
k1to
100%
magixx
100%
mezii
100%
MSL
100%
nafany
100%
nawwk
100%
NBK-
100%
nex
100%
rain
100%
REZ
100%
RpK
100%
s1mple
100%
shox
100%
siuhy
100%
sjuush
100%
TACO
100%
Xizt
100%
ZywOo
100%
Calyx
50%
dennis
50%
Magisk
50%
nexa
50%
w0nderful
50%
910
0%
AdreN
0%
Aerial
0%
aizy
0%
Aleksib
0%
allu
0%
amanek
0%
apEX
0%
arT
0%
ASTRA
0%
autimatic
0%
Ax1Le
0%
AZR
0%
blameF
0%
bLitz
0%
bodyy
0%
Boombl4
0%
Brehze
0%
Brehze
0%
broky
0%
Brollan
0%
buster
0%
byali
0%
Bymas
0%
cadiaN
0%
cajunb
0%
CeRq
0%
chisJ
0%
chopper
0%
chrisJ
0%
coldzera
0%
degster
0%
device
0%
donk
0%
draken
0%
dycha
0%
Edward
0%
electroNic
0%
Ethan
0%
Ex6TenZ
0%
Fallen
0%
felps
0%
fer
0%
FL1T
0%
flameZ
0%
flamie
0%
flusha
0%
fnx
0%
friberg
0%
GeT_RiGhT
0%
Golden
0%
GuardiaN
0%
hallzerk
0%
hampus
0%
hampus
0%
Happy
0%
HeavyGod
0%
HEN1
0%
Hiko
0%
HObbit
0%
hooxi
0%
huNter-
0%
iM
0%
interz
0%
jabbi
0%
JACKZ
0%
Jimpphat
0%
Jimpphat
0%
jkaem
0%
jks
0%
karrigan
0%
kennyS
0%
kioShiMa
0%
kjaerbye
0%
KRIMZ
0%
KSCERATO
0%
kyousuke
0%
kyxsan
0%
Lekr0
0%
Lucky
0%
m0NESY
0%
Maden
0%
Maikelele
0%
MAJ3R
0%
malbsMD
0%
mantuu
0%
misutaaa
0%
mixwell
0%
molodoy
0%
mou
0%
MSL
0%
mzinho
0%
n0rb3r7
0%
n0thing
0%
NAF
0%
NEO
0%
NEO
0%
NertZ
0%
nexa
0%
NiKo
0%
nitr0
0%
olofmeister
0%
oskar
0%
pashaBiceps
0%
Perfecto
0%
Plopski
0%
Plopski
0%
pronax
0%
Qikert
0%
ropz
0%
RUSH
0%
saffee
0%
ScreaM
0%
seized
0%
Senzu
0%
sergej
0%
shroud
0%
Skadoodle
0%
SmithZz
0%
Snappi
0%
Snappi
0%
snax
0%
Snax
0%
Spiidi
0%
Spinx
0%
Staehr
0%
stanislaw
0%
stavn
0%
stavn
0%
steel
0%
Stewie2K
0%
STYKO
0%
suNny
0%
SunPayus
0%
SunPayus
0%
syrsoN
0%
tabseN
0%
tarik
0%
TaZ
0%
Techno
0%
TeSeS
0%
tiziaN
0%
torzsi
0%
twist
0%
Twistzz
0%
valde
0%
VINI
0%
Wicadia
0%
Woxic
0%
XANTARES
0%
xertioN
0%
xseveN
0%
Xyp9x
0%
YEKINDAR
0%
yuurih
0%
zeus
0%
Zeus
0%
zont1x
0%
Aucun quiz correspondant
Distribution des résultats
% des personnes avec chaque résultat
Percentile par nombre de réponses
Votre historique - résultats
Vous n’avez pas pris ce quiz